Responses for Show #1753 - Wednesday, March 25, 1992

Robert Slaven game 2.

Contestants

[<< previous game]

Barbara Reinertsen, a writer from Bath, Maine

Jonathan Dworak, a student from Indianapolis, Indiana

Robert Slaven, an office automation specialist from Yellowknife, Northwest Territories (whose 1-day cash winnings total $17,200)

[next game >>]

Jeopardy! Round responses

PSALMS
TRANSPORTATION
AWARDS
THE EYE
LEATHER
WORD ORIGINS
    $100 2
ships

Robert
    $100 11
France

Robert
    $100 20
CNN

Barbara
    $100 16
retina

Jonathan
    $100 26
shoes

Jonathan
    $100 1
pomegranate

Jonathan
    $200 3
oil

Robert
    $200 12
Enterprise

Barbara
    $200 21
the Tonys

Barbara
    $200 17
pupil

Jonathan
    $200 27
deer

Jonathan
    $200 7
cuisine

Robert
    $300 4
lambs

Barbara
    $300 13
kayaks

Robert
    $300 22
Spain

Jonathan
    $300 18
tear glands

Jonathan
    $300 28
suede

Barbara
    $300 8
coal

Barbara
    $400 5
lions

Jonathan
    $500 14
London

Robert
    $400 23
The Civil War

Robert
    $400 19
(Robert: What is a cornea?)

lens

RobertBarbara
    $400 29
pigskin

Jonathan
    $400 9
derrick

Triple Stumper
    $500 6
(Robert: What is a lantern?)

lamp

RobertBarbara
    $500 15
Trans-Siberian Railroad

Robert
    $500 24
Hume Cronyn

Barbara
    $500 25
cornea

Robert
    $500 30
sheep

Triple Stumper
    $500 10
carnation

Jonathan

Scores at the first commercial break (after clue 14):

Robert Jonathan Barbara
$900 $1,000 $1,300

Scores at the end of the Jeopardy! Round:

Robert Jonathan Barbara
$1,900 $2,600 $2,800

Double Jeopardy! Round responses

CHICAGO
THE 1940s
OPERA
LATIN AMERICA
SCIENCE
BOOKS & AUTHORS
    $200 26
O' Hare

Robert
    $200 19
John Barrymore

Barbara
    $200 11
"Carmen"

Jonathan
    $200 7
Spanish

Robert
    $200 1
hydrogen

Jonathan
    $200 3
Theodore Roosevelt

Robert
    $400 27
Chicago Bears

Barbara
    $400 20
(Barbara: Who was Chu?)

Ho Chi Minh

RobertBarbara
    $400 12
Figaro

Jonathan
    $400 8
Rio de Janeiro

Barbara
    $400 2
8

Barbara
    $400 9
Dante

Robert
    $600 28
Richard Daley

Robert
    $600 23
Bank of England

Robert
    $600 13
"La Traviata"

Jonathan
    $600 10
soccer

Jonathan
    $600 4
chest

Robert
    $600 16
Carry Nation

Barbara
    $800 29
Haymarket Riot

Barbara
    $800 24
Kinsey

Robert
    $800 14
"Yeomen of the Guard"

Triple Stumper
    $800 21
Salvador Allende

Robert
    $800 5
vanishing point

Robert
    $800 17
Vanity Fair

Barbara
    $100 30
Joliet & Marquette

Barbara
    $1000 25
Hirohito

Robert
    $1000 15
(Jonathan: Who was Parsifal?)
(Robert: Who was Lancelot?)

Lohengrin

RobertJonathanBarbara
    $1000 22
Bolivia

Barbara
    $1000 6
Leiden

Robert
    $1000 18
(Barbara: Who is the Archbishop of Canterbury?)
(Alex: I need a name.)

Thomas Becket

Barbara

Scores at the end of the Double Jeopardy! Round:

Robert Jonathan Barbara
$8,500 $3,600 $9,100

[wagering suggestions for these scores]

Final Jeopardy! Round responses

U.S. PRESIDENTS
JonathanWho was Jefferson
$3,600
RobertWho was John Quincy Adams?
$0
BarbaraWho was John Adams?
$7,901
James Madison

Final scores:

Robert Jonathan Barbara
$8,500 $0 $1,199
2-day champion: $25,700 3rd place: Assortment of Lonestar telephones 2nd place: Trip to Hotel Oasis, Cancun, Mexico

Game dynamics:

Coryat scores:

Robert Jonathan Barbara
$8,400 $3,600 $10,000
22 R
(including 1 DD),
3 W
15 R,
1 W
20 R
(including 2 DDs),
1 W

Combined Coryat: $22,000

[game clues] [game scores] [suggest correction]

Game tape date: 1991-12-09
The J! Archive is created by fans, for fans. Scraping, republication, monetization, and malicious use prohibited; this site may use cookies and collect identifying information. See terms. The Jeopardy! game show and all elements thereof, including but not limited to copyright and trademark thereto, are the property of Jeopardy Productions, Inc. and are protected under law. This website is not affiliated with, sponsored by, or operated by Jeopardy Productions, Inc. Join the discussion at JBoard.tv.